Cargando...

ACHIEVEMENT LEVEL OF STANDARD III STUDENTS IN KERALA ST. THOMAS COLLEGE OF TEACHER EDUCATION, MYLACOMPU, IDUKKI DISTRICT, KERALA

Detalles Bibliográficos
Formato: Printed Book
Acceso en línea:http://10.26.1.76/ks/005543.pdf
LEADER 00434nam a22000977a 4500
245 |a ACHIEVEMENT LEVEL OF STANDARD III STUDENTS IN KERALA ST. THOMAS COLLEGE OF TEACHER EDUCATION, MYLACOMPU, IDUKKI DISTRICT, KERALA 
500 |a In "Summary of Research and Evaluation Study Reports" p.13-20 
856 |u http://10.26.1.76/ks/005543.pdf 
942 |c KS 
999 |c 80898  |d 80898 
952 |0 0  |1 0  |4 0  |7 0  |9 72918  |a MGUL  |b MGUL  |d 2016-03-14  |l 0  |r 2016-03-14  |w 2016-03-14  |y KS